书目信息 |
| 题名: |
建筑的伦理意蕴
|
|
| 作者: | 秦红岭 著 | |
| 分册: | ||
| 出版信息: | 北京 中国建筑工业出版社 2006 |
|
| 页数: | 18,327页 | |
| 开本: | 21cm | |
| 丛书名: | ||
| 单 册: | ||
| 中图分类: | TU-021 | |
| 科图分类: | ||
| 主题词: | 建筑学--伦理学 | |
| 电子资源: | ||
| ISBN: | 7-112-07790-7 | |
| 000 | 01027nam0 2200241 450 | |
| 001 | 1549343352 | |
| 005 | 20150118134249.03 | |
| 010 | @a7-112-07790-7@b精装@dCNY30.00 | |
| 100 | @a20060124d2006 em y0chiy50 ea | |
| 101 | 0 | @achi |
| 102 | @aCN@b110000 | |
| 105 | @aa z 000yy | |
| 200 | 1 | @a建筑的伦理意蕴@9jian zhu de lun li yi yun@e建筑伦理学引论@f秦红岭著 |
| 210 | @a北京@c中国建筑工业出版社@d2006 | |
| 215 | @a18,327页@c图@d21cm | |
| 300 | @a北京市教委人文社会科学基金资助项目 | |
| 330 | @a本书从三个层面来探讨建筑的伦理问题,即精神层面、文化层面和应用层面。全书把建筑活动放到人类生命活动与存在意义高度去理解和阐述,把建筑的伦理现象同源远流长的建筑文化史连接起来,揭示了建筑与伦理的历史关联和内在逻辑,引导人们运用基本的伦理概念和准则去解决现实建筑中的问题,从而促进建筑的人性化发展。 | |
| 517 | 1 | @a建筑伦理学引论@9jian zhu lun li xue yin lun |
| 606 | 0 | @a建筑学@x伦理学 |
| 690 | @aTU-021@v5 | |
| 701 | 0 | @a秦红岭@9qin hong ling@c(女,@f1966~)@4著 |
| 801 | 0 | @aCN@bTSSF@c20150118 |
| 905 | @aZUCC@dTU-021@eJY69 | |
| 建筑的伦理意蕴:建筑伦理学引论/秦红岭著.-北京:中国建筑工业出版社,2006 |
| 18,327页:图;21cm |
| 北京市教委人文社会科学基金资助项目 |
| ISBN 7-112-07790-7(精装):CNY30.00 |
| 本书从三个层面来探讨建筑的伦理问题,即精神层面、文化层面和应用层面。全书把建筑活动放到人类生命活动与存在意义高度去理解和阐述,把建筑的伦理现象同源远流长的建筑文化史连接起来,揭示了建筑与伦理的历史关联和内在逻辑,引导人们运用基本的伦理概念和准则去解决现实建筑中的问题,从而促进建筑的人性化发展。 |
| ● |
| 相关链接 |
|
|
|
|
正题名:建筑的伦理意蕴
索取号:TU-021/JY69
 
预约/预借
| 序号 | 登录号 | 条形码 | 馆藏地/架位号 | 状态 | 备注 |
| 1 | 7849046 | 278490465 | 学院路分馆/ [索取号:TU-021/JY69] | 在馆 | |
| 2 | 7849047 | 278490474 | 学院路分馆/ [索取号:TU-021/JY69] | 在馆 |